[Event "Baku FIDE GP"]
[Site "Baku"]
[Date "2008.05.04"]
[Round "12"]
[White "Carlsen, Magnus"]
[Black "Adams, Michael"]
[Result "1-0"]
[WhiteElo "2765"]
[BlackElo "2729"]
[Annotator "Ftacnik,L"]
[PlyCount "111"]
[EventDate "2008.04.21"]
[EventType "tourn"]
[EventRounds "13"]
[EventCountry "AZE"]
[EventCategory "19"]
[SourceTitle "CBM 124"]
[Source "ChessBase"]
[SourceDate "2008.05.28"]
[SourceVersion "1"]
[SourceVersionDate "2008.05.28"]
[SourceQuality "1"]

1. d4 Nf6 2. c4 e6 3. Nc3 Bb4 4. Qc2 d5 5. a3 Bxc3+ 6. Qxc3 Ne4 7. Qc2 c5 8.
dxc5 Nc6 9. cxd5 exd5 10. e3 Qa5+ {Very modern opening with early imbalance.
Black is ahead in development, but should he wait White would develop his
pieces and use two mighty bishops.} (10... Bf5 11. Bd3 Ne5 (11... Qg5 12. f3
Qh4+ 13. Kf1 Ng3+ 14. hxg3 Bxd3+ 15. Qxd3 Qxh1 16. b4 O-O 17. Bb2 Rfe8 18. Kf2
Qh6 19. Ne2 Ne5 {1/2 Kasimdzhanov,R (2683)-Aronian,L (2750)/Mainz 2007 (35)})
12. Nf3 Nxd3+ 13. Qxd3 Ng3 14. Qb5+ (14. e4 Nxe4 15. O-O O-O 16. Qd4 Qf6 17.
Qxf6 Nxf6 18. Nd4 Bg6 19. Bf4 Rfe8 20. f3 Nd7 21. Bd6 $14 {1/2 Kasimdzhanov,R 
(2682)-Asrian,K (2634)/France 2007 (44)}) 14... Bd7 15. Qxb7 Nxh1 16. c6 Be6
17. c7 Qc8 18. Qc6+ Bd7 19. Qd6 a5 20. Bd2 Ra6 21. Qe5+ Kf8 22. Rc1 f6 23. Qxd5
$16 {1/2 Morozevich,A (2755)-Adams,M (2729)/Moscow 2007 (51)}) (10... Qf6 11.
f3 Qh4+ 12. g3 Nxg3 13. Qf2 Nf5 14. Qxh4 Nxh4 15. b4 a6 16. Kf2 Ne5 17. Bb2 f6
18. Rd1 Be6 19. Ne2 Bf7 20. Rg1 Nc4 21. Bc1 $16 {1-0 Carlsen,M (2733)-Polgar,J
(2707)/Wijk aan Zee 2008 (52)}) 11. b4 $5 Nxb4 12. axb4 Qxa1 13. Bb5+ Kf8 14.
Ne2 a6 15. Bd3 Bd7 16. f3 Ba4 17. Qb2 Qxb2 18. Bxb2 Ng5 19. Nd4 {The very
first move deviating from the games of Kasimdzhanov. White plays with
compensation for the exchange, but no advantage.} (19. Kd2 Rc8 20. Ra1 Bd7 21.
Nf4 Bc6 22. Bf5 Re8 23. Ne2 Ne6 24. h4 h5 25. Be5 Rh6 26. Bd6+ Kg8 27. Bd3 {
1/2 Kasimdzhanov,R (2690)-Karpov,A (2670)/Moscow 2007 (31)}) 19... Bd7 (19...
Ne6 20. Nf5 Bb5 (20... a5 21. b5 Nxc5 22. Bxg7+ Ke8 23. Bxh8 Nxd3+ 24. Kd2 Kd7
$11) 21. Ke2 Bxd3+ 22. Kxd3 f6 $15) 20. Kf2 (20. Nf5 Bxf5 21. Bxf5 Ne6 22. Kf2
Ke7 $15) 20... f6 21. Ra1 Ke7 22. Bc2 $1 {Carlsen is a fighter and he hopes
for more than just equalizing lines.} (22. h4 Nf7 23. e4 Ne5 24. Bc2 dxe4 25.
Bxe4 Nc6) (22. Re1 $11) 22... Rhd8 (22... Nf7 23. Bb3 Bc6 24. Nf5+ Kf8 25. f4
$36) (22... g6 23. Re1 Ne6 24. e4 $14) 23. h4 Nf7 (23... Ne6 24. Nf5+ Kf8 25.
Nd6 Rdb8 $13) 24. Bxh7 Rh8 25. Bc2 Rxh4 26. Bb3 (26. e4 dxe4 27. Bxe4 Rb8) (26.
b5 Ne5 (26... Rxd4 27. exd4 Bxb5 28. Re1+ Kf8 $11) 27. Bc3 g5 $15) 26... Rh5 $2
{[%mdl 2048] Adams shows the ambition of his own, but it comes at the wrong
moment and displaces the rook.} (26... Ne5 $1 27. Bc3 (27. Rd1 a5 $15) 27...
Nc6 28. Bxd5 Nxd4 29. exd4 Bc6 30. Re1+ Kf8 31. Bb3 Rd8 32. d5 Bxd5 33. Rd1
Bxb3 34. Rxd8+ Ke7 $11) 27. Ne2 $1 Bc6 (27... Rah8 28. Nf4 R5h6 29. Nxd5+ Kf8
30. Nb6 Bc6 31. Rd1 Rh1 32. Rd2 $36) 28. Nf4 Rg5 29. b5 $1 Bxb5 30. Nxd5+ Kf8 (
30... Kd8 31. Nb6 Rb8 32. Bxf7 $18) (30... Rxd5 31. Bxd5 Rd8 32. e4 Bc6 33. Ba3
$14) 31. Nc7 Rd8 32. Ne6+ Ke8 $2 {For a bit mysterious reasons Adams makes a
big step in the wrong direction, the natural Ke7 was much better.} (32... Ke7
33. Nxd8 Nxd8 34. g4 $14) 33. Bd4 Bd7 34. Nxd8 Nxd8 35. Rh1 Ke7 {The defender
admitts his mistake, but it is too late.} (35... Ne6 36. f4 Rf5 37. Bxe6 Bxe6
38. Rh8+ Kd7 39. g4 Rd5 40. f5 Bf7 41. Rf8 Be8 42. Rg8 $16) 36. e4 (36. f4 Rg6
37. Bd5 Rh6 $14) 36... Ne6 37. Be3 Re5 38. Rh7 (38. Bd5 Bc6 39. f4 Bxd5 40.
fxe5 Bxe4 41. exf6+ gxf6 $16) 38... Kf8 39. Bc2 Bc6 (39... Nxc5 40. f4 Nxe4+
41. Kf3 $16) 40. f4 Bxe4 $6 {The tempting move in the fight for the best
survival chances, objectively better was to take with the rook.} (40... Rxe4
41. Bxe4 Bxe4 42. Rh8+ Kf7 43. g4 $16) 41. Rh8+ Ke7 42. Rb8 $1 (42. fxe5 Bxc2
43. exf6+ gxf6 44. Rb8 Be4 $16) 42... Nd8 43. fxe5 Bxc2 44. exf6+ gxf6 45. Bd4
f5 46. Be3 $1 {Carlsen plays with technique, that is truly exceptional for
such a young player. White's position is already winning.} (46. Bf6+ Kxf6 47.
Rxd8 Ke5 48. g3 Be4 $16) 46... Kd7 47. Bg5 Ne6 48. Rxb7+ Kc8 (48... Kc6 49.
Rb6+ Kd5 50. Rd6+ Ke5 51. Rd2 $18) 49. Rb2 Be4 50. Be7 $1 (50. Be3 f4 51. Bd4
$16) 50... Nf4 51. Ra2 $1 Kd7 (51... Kb7 52. g3 $18) (51... Nd3+ 52. Kg3 Kb7
53. Bd6 $18) 52. Bd6 Nxg2 53. Rxa6 {With minimal number of pawns White will
win due to the better coordination of his pieces.} f4 54. Ra4 Bc6 55. Ra7+ Ke6
56. Ra6 1-0

[Event "Baku FIDE GP"]
[Site "Baku"]
[Date "2008.05.05"]
[Round "13"]
[White "Bacrot, Etienne"]
[Black "Carlsen, Magnus"]
[Result "0-1"]
[WhiteElo "2705"]
[BlackElo "2765"]
[Annotator "Ftacnik,L"]
[PlyCount "124"]
[EventDate "2008.04.21"]
[EventType "tourn"]
[EventRounds "13"]
[EventCountry "AZE"]
[EventCategory "19"]
[SourceTitle "CBM 124"]
[Source "ChessBase"]
[SourceDate "2008.05.28"]
[SourceVersion "1"]
[SourceVersionDate "2008.05.28"]
[SourceQuality "1"]

1. d4 Nf6 2. c4 e6 3. Nc3 Bb4 4. Nf3 b6 5. Bg5 Bb7 6. Nd2 h6 7. Bh4 Nc6 8. a3
Bxc3 9. bxc3 Qe7 {The knight from the square can be relocated later and
Carlsen sees no need to lose time for d6-Nbd7.} 10. e3 g5 11. Bg3 d6 12. h4 {
The first independent move can not achieve much as the second player is
already somewhat ahead in the development.} (12. Be2 O-O-O 13. Rb1 e5 14. d5
Na5 15. e4 Nd7 16. h4 Kb8 17. h5 Nc5 18. Qc2 Bc8 19. Nf1 Rhf8 20. Ne3 Nxe4 21.
Qxe4 f5 22. Qc2 f4 23. O-O e4 24. Qd2 fxg3 25. fxg3 Qe5 $17 {1-0 Pelletier,Y 
(2607)-Perunovic,M (2420)/Plovdiv 2008 (49)}) 12... O-O-O 13. Be2 Nd7 (13...
Na5 $5 14. f3 (14. Bf3 Nd7 15. Bxb7+ Kxb7 16. Qf3+ c6 $11) 14... g4 15. Qc2
Rdg8 16. Bf2 gxf3 17. gxf3 Ng4 18. Bg1 f5 $15) 14. Nb3 f5 15. Qc2 Rhf8 16. f3 (
16. hxg5 hxg5 17. O-O-O Kb8 $13) 16... e5 17. hxg5 hxg5 18. O-O-O {The real
start of the middle game in a fairly even position. White will try to control
the open h-file, Black will hope for action on the queenside.} (18. d5 $5 Ncb8
19. e4 f4 20. Bf2 Na6 $11) 18... Rde8 19. Bd3 (19. d5 Ncb8 20. Bf2 $11) 19...
Qf7 20. Rh6 Ba6 21. Nd2 (21. d5 Ne7 22. Rdh1 $11) 21... exd4 22. exd4 Na5 23.
Rdh1 $1 Re7 (23... Nxc4 $2 24. Qa4 Nxd2 25. Qxa6+ Kb8 26. Kxd2 Qa2+ 27. Bc2 $18
) (23... Bxc4 $6 24. Nxc4 Nxc4 25. Qa4 b5 (25... Re3 26. Rh7 $18) 26. Qxb5 Ncb6
27. c4 $16) 24. Qa4 {Bacrot is not finding courage to play the principal move
Rh7, as he probably feared the strength of enemy's counterplay with two rooks.}
(24. Rh7 Qxh7 (24... Qf6 25. Rxe7 Qxe7 26. Bxf5 Bxc4 27. Qe4 Qxe4 28. fxe4 $16)
25. Rxh7 Rxh7 26. Bxf5 Rh1+ 27. Kb2 Nxc4+ (27... Rg1 28. Bh3 g4 $5 29. fxg4 Re8
30. g5 Nxc4+ (30... Re2 31. Bf4 Nxc4+ 32. Kb3 Na5+ 33. Ka4 $16) 31. Nxc4 Bxc4
32. Bf2 Rf1 33. Bg4 b5 34. Bg3 Kb8 $13) 28. Nxc4 Bxc4 29. Qe4 Rxf5 $1 30. Qxf5
Rg1 31. Qh3 Bf1 32. Qg4 Rxg2+ 33. Kc1 Bc4 34. Qxg5 b5 $13) 24... Re3 25. Rh7
Qe8 26. Qc2 (26. Kc2 $2 Rxd3 27. Kxd3 Nc5+ $19) 26... Nf6 27. R7h6 (27. Bxf5+
$2 Kb8 28. R7h6 Nxc4 $17) 27... Kb7 28. Bf2 Rxd3 $5 {[%mdl 32] Carlsen is
growing into a great follower of Tigran Petrosian in his love for positional
exchange sacrifices.} (28... Re7 29. d5 $11) 29. Qxd3 Nd5 30. Re1 (30. g3 Qa4
$13) 30... Qa4 31. Qc2 Qxa3+ 32. Qb2 Qxb2+ 33. Kxb2 Nxc4+ 34. Nxc4 (34. Kc2 g4
$15) 34... Bxc4 {Black can be satisfied with two pawns and excellent control
of many squares.} 35. Be3 (35. Rh7 Rg8 $15) 35... g4 36. fxg4 $6 (36. Bd2 gxf3
37. gxf3 Rg8 $15) 36... fxg4 37. Rg6 $2 a5 $2 {The upcoming time control has
seriously influenced the quality of play of both players. The mutual blunder
ignores the fact, that Bacrot could have lost the piece.} (37... Re8 $1 38. Bd2
Rxe1 39. Bxe1 Nf4 40. Rxg4 Nd3+ 41. Ka3 Nxe1 $19) 38. Rxg4 a4 39. Rg3 (39. Ka3
b5 40. g3 Nxc3 $17) 39... a3+ 40. Kxa3 $2 (40. Ka1 b5 41. Rf3 Rxf3 42. gxf3
Nxc3 $15) 40... Ra8+ 41. Kb2 Ra2+ 42. Kc1 Nxc3 {The excitement is over; White
will lose the exchange and the ending should be winning for Black.} 43. Bd2 (
43. Bf4 Ne2+ 44. Rxe2 Rxe2 45. Rg7 Kc6 $17) 43... Ne2+ 44. Rxe2 Bxe2 45. Rg7
Ra4 46. Bc3 (46. Be3 b5 47. g4 b4 $17) 46... b5 47. g4 Bf3 (47... b4 48. Bd2
Bc4 $17) 48. g5 b4 49. Bb2 (49. Bd2 Bd5 $17) 49... Ra5 {Magnus is able to stop
the dangerous g-pawn and the white bishop b2 will remain a misserable piece.}
50. Kc2 (50. g6 Be4 51. Rg8 Rg5 $19) 50... Bd5 51. Re7 (51. g6 Bc4 52. Re7 Rg5
53. g7 Rg2+ 54. Kc1 Bd5 $19) 51... Bc4 52. Bc1 Rf5 53. Bd2 Rf2 54. g6 Rg2 55.
g7 Kc6 56. Re8 (56. Kc1 b3 $19) 56... Bf7 57. Rb8 (57. Re7 Bg8 $19) 57... b3+
58. Kc3 Rxg7 59. Kb2 Bc4 60. Kc3 Kd5 {Finally all black pieces can work
together, White is lost.} 61. Rb7 Rg3+ 62. Kb2 Kxd4 (62... Kxd4 63. Rxc7 Rg2
64. Kc1 b2+ $19) 0-1

[Event "Foros Aerosvit 3rd"]
[Site "Foros"]
[Date "2008.06.11"]
[Round "4"]
[White "Eljanov, Pavel"]
[Black "Carlsen, Magnus"]
[Result "0-1"]
[WhiteElo "2687"]
[BlackElo "2765"]
[Annotator "Marin,M"]
[PlyCount "164"]
[EventDate "2008.06.08"]
[EventType "tourn"]
[EventRounds "11"]
[EventCountry "UKR"]
[EventCategory "19"]
[SourceTitle "CBM 125"]
[Source "ChessBase"]
[SourceDate "2008.07.30"]
[SourceVersion "1"]
[SourceVersionDate "2008.07.30"]
[SourceQuality "1"]

1. d4 Nf6 2. c4 e6 3. g3 d5 4. Bg2 Be7 5. Nf3 O-O 6. O-O dxc4 7. Qc2 a6 8. Qxc4
b5 9. Qc2 Bb7 10. Bd2 Bd6 11. Ng5 $5 $146 {By exchanging the light-squared
bishops, White unblocks the e4-square, preparing to win space in the centre.
On the other hand, White slightly neglects his development, but didn't Black
do the same by moving with his dark-squared bishop twice?} Bxg2 12. Kxg2 Nbd7
13. e4 e5 {The logical reaction in the centre.} 14. dxe5 ({White is not
prepared for the method employed by Volokitin against Onischuk in the same
tournament:} 14. f4 $6 exd4 15. e5 Bxe5 16. fxe5 Nxe5 $15 17. Rxf6 $2 d3 $1 $17
) 14... Nxe5 15. f4 Nc4 16. b3 $1 (16. e5 $6 h6 17. exf6 (17. Nf3 $2 Ng4) 17...
hxg5 18. fxg7 Re8 $32) 16... Nxd2 {Exchanging a piece that has jumped around
so many times helps White catch up with Black in development, but there was no
other possibility.} (16... Nb6 $2 17. e5 $18) (16... h6 $2 17. bxc4 hxg5 18. e5
$16) 17. Nxd2 h6 18. Ngf3 Bb4 {So far, Carlsen played in blitz mode, which
makes us think that the novelty did not come as a surprise to him. However, I
am not sure that Black can be that happy with the outcome of the opening.
White is better developed and enjoys an advantage of space in the right half
of the board. He only has to work out some concrete details in order to avoid
problems connected with the undefended squares behind the advanced pawns.} 19.
Rfd1 $6 {Obviously, this is not the way to place rooks in this position, but
Eljanov may have been concerned about the threat ...Ng4-e3.} ({Indeed,} 19.
Rad1 $6 {was not better:} Qe7 (19... Ng4 20. Rfe1 Qe7 21. Re2 Rad8 22. e5 $5
$14) 20. Nd4 (20. Rfe1 Rad8 21. Ne5 Qe6 22. Re2) (20. Ne5 c5 21. Ndf3) 20...
Bxd2 (20... Ng4 21. Qd3 Rad8 22. N2f3 $14 c5 $2 23. Nc6 $18) 21. e5 c5 $1 (
21... Ng4 22. Qxd2 $16) (21... Bb4 22. Nc6 Qc5 23. Qxc5 Bxc5 24. exf6 $44) 22.
exf6 Qxf6 23. Qxc5 Be3 $15) ({Since White's plan is to advance his kingside
pawns, it would have made sense to concentrate rooks on this area of the board
with} 19. Rae1 $5 c5 (19... Qe7 $6 {Playing as in the game makes little sense
for Black now.} 20. Re2 Rad8 21. e5 Nd5 (21... Rfe8 22. Ne4 Nxe4 23. Qxe4 $14 {
[%cal Gf4f5]}) 22. Ne4 $36 {[%cal Gf4f5,Gf3d4]}) 20. Re2 Qb6 {This is a better
way to strive for counterplay.} 21. e5 Nd5 22. Ne4 {[%csl Rd6,Rf6,Rg7][%cal
Gf3h4,Gh4f5]} c4 $5 23. bxc4 $1 Ne3+ 24. Rxe3 Qxe3 25. Rb1 Qa3 (25... Be7 26.
c5 {[%csl Re3][%cal Gb1b3]} Rfc8 27. Rb3 Rxc5 28. Nxc5 Qxc5 29. Qxc5 Bxc5 30.
Rc3 Bb6 31. Rc6 Rb8 32. Kf1 a5 33. Ke2 b4 34. Kd3 $14) 26. c5 Rac8 27. Rb3 Qa4
28. Kh3 $1 $44 {[%cal Gf4f5,Gc5c6,Ge4d6]} (28. c6 $2 Rxc6 $1) (28. f5 $2 Bxc5
$1)) 19... Qe7 20. e5 Nd5 21. Nf1 $11 {Quite sadly, the knight which seemed
designed for the central e4-square has to occupy a defensive position.} Rad8
22. a3 $5 (22. Nd4 c5 23. Nf5 Qb7 $36) 22... Bc5 (22... Bxa3 23. Nd4 c5 24. Nf5
Qb7 25. Kf2 Bb4 26. Qe4 $44) 23. b4 Bb6 24. Rd2 Qd7 25. f5 {This looks less
threatening now without the support of all the pieces.} Rfe8 26. Rad1 c6 $11 {
/~~ Black is well developed and enjoys stability in the centre. White's
attacking prospects are not too realistic.} 27. Rc1 Be3 $5 {An interesting way
of striving for active counterplay.} (27... Rc8 $11) 28. Rxd5 $8 cxd5 29. Nxe3
d4 30. Nf1 $6 {On general grounds, the player with two knights for a rook
should avoid the exchange of the additional pair of rooks.} (30. Rd1 {should
probably have been preferred.} Qb7 31. Nf1 Rxe5 32. Kf2 Red5 $13) 30... Rc8 31.
Qd1 Rxc1 32. Qxc1 Qxf5 $44 {/=/+ Black's play is easier now. White's display
of activity will only bring him trouble.} 33. Qc6 Rc8 34. Qxa6 Rc2+ 35. N1d2 g5
36. Qxh6 g4 37. Nh4 Qxe5 38. Kf2 Ra2 39. h3 d3 40. Qe3 Qxe3+ 41. Kxe3 gxh3 42.
Nhf3 Rxa3 43. Kf2 Ra4 44. Kg1 Rxb4 45. Kh2 Ra4 46. Kxh3 Ra8 47. Nd4 b4 48. Kg4
Re8 49. Kf5 Re2 50. N4b3 Kf8 51. Ne4 Ke7 52. Ke5 Rg2 53. Kf4 Ke6 54. Kf3 Re2
55. Nec5+ Kd5 56. Nxd3 Re8 57. Na5 Rb8 58. Nc1 Kc5 59. Nd3+ Kd5 60. Nc1 Rc8 61.
Ncb3 Ke5 62. Ke2 Rc2+ 63. Kf3 Rc3+ 64. Kg4 Ke4 65. Nb7 Kd3 66. N3a5 Kd4 67. Kf4
Kd5 68. Nd8 Rc8 69. Ndb7 Rc3 70. Nd8 Ra3 71. Ndc6 b3 72. Nxb3 Rxb3 73. Ne5 Rb1
74. g4 Rf1+ 75. Nf3 Ke6 76. Kg3 Ra1 77. Kf4 Ra4+ 78. Kg3 Kd5 79. Nh4 Ke4 80. g5
Ke5 81. Kh3 Kf4 82. g6 Kg5 0-1

[Event "Grand Slam Final 1st"]
[Site "Bilbao"]
[Date "2008.09.06"]
[Round "5"]
[White "Anand, Viswanathan"]
[Black "Carlsen, Magnus"]
[Result "1/2-1/2"]
[WhiteElo "2798"]
[BlackElo "2775"]
[Annotator "Postny,E"]
[PlyCount "71"]
[EventDate "2008.09.02"]
[EventType "tourn"]
[EventRounds "10"]
[EventCountry "ESP"]
[EventCategory "21"]
[SourceTitle "CBM 126"]
[Source "ChessBase"]
[SourceDate "2008.10.01"]
[SourceVersion "1"]
[SourceVersionDate "2008.10.01"]
[SourceQuality "1"]

1. e4 e5 2. Nf3 Nc6 3. Bb5 f5 {I guess, this came as a total surprise for
Vishy Anand as Magnus had never played the Jaenisch as Black.} 4. d3 fxe4 5.
dxe4 Nf6 6. O-O Bc5 7. Bxc6 bxc6 8. Nxe5 O-O 9. Nc3 {Anand deviates from his
game versus Radjabov, probably suspecting deep preparation by Magnus. The move
in the text was played by Carlsen as White, once more versus Radjabov. All
this adds even more interest to this encounter.} (9. Bg5 Qe8 $1 10. Bxf6 Rxf6
11. Nd3 Bd4 12. Nd2 (12. c3 Bb6 13. e5 $5 {This is my suggestion from a
previous CBM, worth being tested in future games.} Rh6 14. Nd2 Ba6 15. c4 d5
16. Rc1 Rd8 17. Qe2 $14 {[%cal Gd3b4]}) 12... Ba6 13. Rb1 $6 (13. c4 c5 14. Rc1
$1 Bb7 15. Qe2 Qg6 16. Kh1 Re8 17. Rce1 d6 18. f3 {and Black still has to
justify the pawn sacrifice.}) 13... d6 14. c4 c5 15. b4 Qf7 16. Kh1 Rf8 17. f4
Bxc4 18. Nxc4 Qxc4 $11 {1/2-1/2 Anand,V (2799)-Radjabov,T (2735)/Morelia/
Linares MEX/ESP 2008/The Week in Chess 694 (22)}) 9... d6 10. Nd3 Bd4 {Black
is hoping to compensate for the lack of a pawn by his pair of bishops and the
opened f-file.} 11. Ne2 (11. Nb4 Bxc3 12. bxc3 c5 13. Nd5 Nxe4 14. f3 Nf6 15.
Bg5 Be6 16. Bxf6 gxf6 $11) 11... Bb6 12. Bg5 ({Black keeps reasonable
compensation also after} 12. Ng3 Ba6) 12... Qe8 13. Bxf6 Rxf6 14. Ng3 Qf7 {
This novelty is the first choice of "Rybka". Even though, I am not sure that
this is a real improvement over Radjabov's choice.} (14... Ba6 15. Kh1 Bxd3 16.
cxd3 Rxf2 17. Rxf2 Bxf2 18. Nf5 Bb6 19. Qg4 (19. Qb3+ Kh8 20. Qc3 Qd7 $11)
19... Qf8 20. Rf1 g6 $11 {1/2-1/2 Carlsen,M (2690)-Radjabov,T (2729)/Monte
Carlo 2007/CBM 117 ext (36)}) 15. b3 {Preparing to meet Bc8-a6 with c2-c4.} Be6
16. Qd2 Rf8 17. Rae1 Rh6 18. Qc3 {Covering the f6-square is important against
the transfer of Black's queen to the h-file.} (18. c4 $2 Qf6 {[%cal Gf6h4]} 19.
h3 Bxh3 $1 20. gxh3 Qh4 21. Re3 Qxh3 22. Rfe1 Bd4 $1 $19 {[%cal Rh6g6,Rg6g3]
White is simply helpless against the threat Rh6-g6-xg3.}) 18... Rf6 $6 (18...
Qe7 $6 {[%cal Ge7h4]} 19. Nf5 Bxf5 20. exf5 Qh4 21. h3 $16) ({Worth
consideration is:} 18... Qd7 $5 {with the idea 19...Bh3!}) 19. Re2 $2 {The
reason for not capturing the Pc6 remains unclear for me.} (19. Qxc6 Bd7 (19...
Bxf2+ 20. Nxf2 Rxf2 21. Nf5 Rxf1+ 22. Rxf1 $16) (19... h5 20. h3 h4 21. Nf5 Bd7
22. Qc3 Bxf5 23. exf5 Rxf5 24. Re2 $14) 20. Qc3 Rxf2 (20... h5 21. Nf5 Bxf5 22.
exf5 Rxf5 23. Re2 $14) 21. Nxf2 Bxf2+ 22. Kh1 Bxe1 23. Qxe1 $16) 19... Bg4 20.
Rd2 $2 {[%mdl 8192] And this is just a tactical oversight.} (20. Ree1 Rxf2 21.
Nxf2 Bxf2+ 22. Kh1 Bxe1 23. Qxe1 Qe7 24. Rxf8+ Qxf8 25. h3 Bd7 26. Kh2 $11) {
[%tqu "En","How can Black win material?","","","b6e3","The rook is trapped.",5]
} 20... Be3 $1 {The rook is trapped.} 21. h3 Bxd2 22. Qxd2 Bc8 23. f4 h5 $1 {
This pawn will kick away the white knight from g3 and the Pe4 will become a
target.} 24. f5 h4 25. Ne2 Re8 $2 (25... d5 $2 26. Ne5 Qh5 27. Ng4 R6f7 28. Ne5
{and the rook can't escape.}) ({But, after the correct} 25... Qe7 $1 26. Nf2 (
26. Qf4 Bxf5 $19) 26... d5 27. Ng4 R6f7 {Black's rook is getting the f7 square.
Meanwhile, White's position in the centre is collapsing.}) 26. Nf2 d5 27. Ng4
Rxe4 28. Nxf6+ Qxf6 29. Nc1 Bxf5 $2 {Allows White to escape with a draw.} ({
After} 29... Re5 $1 30. Nd3 Rxf5 {Black could still be a pawn up. It is
difficult to say whether Black can win this or not but, his advantage is
indisputable.}) 30. Qf2 {[%csl Ra7,Rf5] Double threat.} Bg6 31. Qxa7 Rf4 {
Black does not have more than a draw now.} 32. Rxf4 Qxf4 33. Nd3 Bxd3 34. cxd3
Qc1+ 35. Kh2 Qf4+ 36. Kg1 {Not the best game from both brilliant players.}
1/2-1/2